|
|
|
|
| LEADER |
00000cam a2200000 4500 |
| 001 |
vtls011914311 |
| 003 |
SK-MaSNL |
| 005 |
20260301225301.0 |
| 008 |
210624s2019 xo a br 000 0 hun |
| 015 |
|
|
|a SNBA2020/03
|
| 020 |
|
|
|a 9788080982607
|q (brožované)
|
| 035 |
|
|
|a urn:nbn:sk:snk-am00em6y
|
| 035 |
|
|
|a urn:nbn:sk:snk-am3iji1
|
| 035 |
|
|
|a AFAAAA3D-421F-40FC-813A-D924D6DFFFC5
|
| 040 |
|
|
|a SNK
|b slo
|c SNK
|e rda
|
| 041 |
0 |
|
|a hun
|
| 044 |
|
|
|a xo
|c SK
|
| 072 |
|
7 |
|a 811.511.1
|x Ugrofínske jazyky
|2 konspekt
|
| 080 |
|
|
|a 811.511.141
|2 2011
|
| 080 |
|
|
|a 37.016:82
|2 2011
|
| 080 |
|
|
|a (075.2)
|2 2011
|
| 100 |
1 |
|
|a Burai, Lászlóné
|4 aut
|9 69825
|
| 245 |
1 |
0 |
|a Olvasókönyv a magyar tanítási nyelvű alapiskola 2. osztálya számára =
|b Čítanka pre 2. ročník základnej školy s vyučovacím jazykom maďarským
|c szerzők: Burai Lászlóné, Faragó Attiláné, Mezzei Elza, Mezei Adél
|
| 246 |
3 |
1 |
|a Čítanka pre 2. ročník základnej školy s vyučovacím jazykom maďarským
|
| 246 |
3 |
3 |
|a Olvasókönyv 2.
|
| 250 |
|
|
|a Štvrté vydanie - Negyedik kiadás
|
| 264 |
|
1 |
|a Bratislava
|b Terra vydavateľstvo, s.r.o.
|c 2019
|
| 300 |
|
|
|a 128 strán
|b ilustrácie
|c 30 cm
|
| 336 |
|
|
|a text
|b txt
|2 rdacontent
|
| 336 |
|
|
|a statický obraz
|b sti
|2 rdacontent
|
| 337 |
|
|
|a bez média
|b n
|2 rdamedia
|
| 338 |
|
|
|a zväzok
|b nc
|2 rdacarrier
|
| 490 |
1 |
|
|a Szivárvány
|
| 546 |
|
|
|a Názov a tiráž súbežne v slovenčine
|
| 650 |
0 |
7 |
|a maďarčina
|2 SNKPH
|9 1492
|
| 650 |
0 |
7 |
|a literárna výchova
|2 SNKPH
|9 1653
|
| 650 |
0 |
7 |
|a Hungarian language
|2 SNKPHeng
|9 266361
|
| 650 |
0 |
7 |
|a Literary education
|2 SNKPHeng
|9 274096
|
| 655 |
|
7 |
|a učebnice základných škôl
|2 SNKPH
|9 70187
|
| 655 |
|
7 |
|a čítanky
|2 SNKPH
|9 60817
|
| 655 |
|
7 |
|a Textbooks (elementary)
|2 SNKPHeng
|9 276977
|
| 655 |
|
7 |
|a Readers
|2 SNKPHeng
|9 300493
|
| 700 |
1 |
|
|a Faragó, Attiláné
|4 aut
|9 304526
|
| 700 |
1 |
|
|a Mezei, Adél
|4 aut
|9 217201
|
| 700 |
1 |
|
|a Mezzei, Elza
|4 aut
|9 217199
|
| 700 |
1 |
|
|a Farkas, Beáta B.
|4 ill
|9 326315
|
| 700 |
1 |
|
|a Javorniczky, Nóra
|4 ill
|9 132666
|
| 700 |
1 |
|
|a Juhász, Fruzsina
|4 ill
|9 73283
|
| 700 |
1 |
|
|a Nyírő, Erzsébet
|4 ill
|9 70933
|
| 830 |
|
0 |
|a Szivárvány
|9 357865
|
| 919 |
|
|
|a 978-80-8098-260-7
|
| 999 |
|
|
|c 950341
|d 952271
|
| 952 |
|
|
|a SNK
|b SNK
|y PREZ
|7 0
|p 17A1414556
|o snkSB 95147
|i snk2020/2033
|8 0
|0 0
|1 0
|4 0
|d 2020-01-30
|f 1
|l 0
|r 2025-05-15 00:00:00
|w 2026-02-24
|
| 952 |
|
|
|a SNK
|b SNK
|y VYP
|7 0
|p 17A1414557
|o snkSB 95147 D1
|i snk2020/2034
|8 0
|0 0
|1 0
|4 0
|d 2020-01-30
|l 0
|r 2026-02-24 09:46:28
|w 2026-02-24
|